000 00523nam a2200193Ia 4500
003 OSt
005 20251210101830.0
020 _a978-0-534-51881-3
040 _cLC
050 _aBD 21 .C 34 2006
100 _aCAHN ,STEVEN M.
245 0 _aPHILOSIPHICAL HORIZONS: INTRODUCTORY READINGS
260 _aBELMONT,
_bTHOMSON HIGHER EDUCATION,
_c2006,
300 _aiX, 428 P, ILL
500 _aIncludes bibliographical references
650 _aPhilosophy-Introductions
700 _aECKERT, MAUREEN
942 _cBK
_2lcc
_n0
999 _c63776
_d63776